02693nam a2200433 a 450000100100000000500170001000800410002702000250006802000250009302000250011802000250014302000250016804000250019308200150021810000440023324501950027726000370047230000260050949000360053550501350057150000440070659000270075070000430077770000330082083000420085395201150089595201140101095201140112495201140123895201080135295201090146095201150156995201140168495201080179895201140190695201080202095201140212899900170224200004873920201002061354.0190411s2016 dr a 000 0 spa d a9789945167399 (o.c.) a9789945167405 (v. 1) a9789945167412 (v. 2) a9789945167429 (v. 3) a9789945167467 (v. 4) aDO-SdBNPbspacBNPHU axxxxbxxxx1 aPérez Perdomo, Flor Angélica97619310aRecorrido literario :bantología de los escritores más sobresalientes de la literatura universal /cFlor Angélica Pérez Perdomo, Jesús Manuel Pérez Perdomo, Rosa Pérez Perdomo. aSanto Domingo, :bBúho,c2016. a4 v. :bil. ;c23 cm.1 aLiteratura al alcance de todos;2 gv. 1 --tLiteratura Grecorromana --gv. 2 --tLiteratura Española --gv. 3 --tLiteratura Inglesa --gv. 4 --tLiteratura Rusa / aLos volumenes contienen bibliografías aInventariado, 2019/ YL12aPérez Perdomo, Jesús Manuel97619412aPérez Perdomo, Rosa976195 0aLiteratura al alcance de todos976196 0010718PDaGRbGRcCTd2019-04-30iLF1l0ov. 4, e. 3p48739-120r2020-06-25w2020-06-25yLFPDZNo se presta 0010718PDaGRbGRcCTd2019-04-11iLF1l0ov. 1, e. 3p48739-30r2020-06-25w2020-06-25yLFPDZNo se presta 0010718PDaGRbGRcCTd2019-04-25iLF1l0ov. 2, e. 3p48739-60r2020-06-25w2020-06-25yLFPDZNo se presta 0010718PDaGRbGRcCTd2019-04-25iLF1l0ov. 3, e. 3p48739-90r2020-06-25w2020-06-25yLFPDZNo se presta 0010718PDaPDbPDcCTd2019-04-11iLF1l0ov. 1p48739-10r2020-06-25w2020-06-25yLFPDZNo se presta 0010718PDaPDbPDcCTd2019-04-25iLF1l0ov. 4p48739-100r2020-06-25w2020-06-25yLFPDZNo se presta 0010718PDaPDbPDcCTd2019-04-25iLF1l0ov. 4, e. 2p48739-110r2020-06-25w2020-06-25yLFPDZNo se presta 0010718PDaPDbPDcCTd2019-04-11iLF1l0ov. 1, e. 2p48739-20r2020-06-25w2020-06-25yLFPDZNo se presta 0010718PDaPDbPDcCTd2019-04-25iLF1l0ov. 2p48739-40r2020-06-25w2020-06-25yLFPDZNo se presta 0010718PDaPDbPDcCTd2019-04-25iLF1l0ov. 2, e. 2p48739-50r2020-06-25w2020-06-25yLFPDZNo se presta 0010718PDaPDbPDcCTd2019-04-25iLF1l0ov. 3p48739-70r2020-06-25w2020-06-25yLFPDZNo se presta 0010718PDaPDbPDcCTd2019-04-25iLF1l0ov. 3, e. 2p48739-80r2020-06-25w2020-06-25yLFPDZNo se presta c48227d48227